Proposal of design of trust building platform for public administration
Čiastkové ciele budovania dôvery vo verejné administratívne procesy. Vplyv budovania dôvery na administratívne procesy. Metodológia aj na základe stratégie Horizon 2020. Digitálna Agenda a eGovernment Action Plan.
Na minha lista:
| Autor principal: | |
|---|---|
| Outros Autores: | , |
| Formato: | Capítulo de Livro |
| Idioma: | inglês |
| Assuntos: | |
| Tags: |
Sem tags, seja o primeiro a adicionar uma tag!
|
MARC
| LEADER | 00000naa a2200000 4500 | ||
|---|---|---|---|
| 001 | 0211108 | ||
| 005 | 20240502073521.7 | ||
| 041 | 0 | |a eng | |
| 044 | |a SK | ||
| 245 | 1 | 0 | |a Proposal of design of trust building platform for public administration |c Michal Tkáč ml., Bibiana Tkáčová, Dávid Koščík |
| 520 | |a Čiastkové ciele budovania dôvery vo verejné administratívne procesy. Vplyv budovania dôvery na administratívne procesy. Metodológia aj na základe stratégie Horizon 2020. Digitálna Agenda a eGovernment Action Plan. | ||
| 610 | 2 | 0 | |a služby verejné |
| 610 | 2 | 0 | |a administratíva |
| 610 | 2 | 0 | |a služby elektronické |
| 610 | 2 | 0 | |a dôvera |
| 100 | 1 | |a Tkáč, Michal, ml., 1984- | |
| 700 | 1 | |a Tkáčová, Bibiana | |
| 700 | 1 | |a Koščík, Dávid, 1990- | |